00986nam a2200253 i 450000100060000000300090000600500170001500700030003200800410003502000180007608000180009410000490011224501980016126000470035930000220040649000320042850000140046050000140047465000430048883000400053185200220057199900170059395201220061010762ES-MaACL20251004063041.0t|921112s1990 sp |||| | spa d a84-206-2652-X a860-14.09"10"1 aGarcía Gómez, Emilio, d1905-199595469014aLas jarchas romances de la serie árabe en su marco b: edición en caracteres latinos, versión española en calco rítmico y estudio de 43 moaxajas andaluzas / cEmilio García Gómez. aMadrid : bAlianza Editorial, cD.L. 1990. a467 p. ; c20 cm.1 aAlianza universidad ; v652 aGlosario. aÍndice. 4aJarchas-vHistoria y crítica.9139320 aAlianza universidad ; v6529177276 aES-MaACLjL-18183 c10762d10762 00104070aATENEOMbATENEOMcDEPO2d2008-01-17eSCl0oL-18183p1010979r2023-02-23 00:00:00w2023-02-23yMONOGRAFIA